| 000 | 00648nam a2200181 i 4500 | ||
|---|---|---|---|
| 001 | 116586 | ||
| 003 | ES-MaACL | ||
| 005 | 20230906190731.0 | ||
| 007 | t| | ||
| 008 | 061121s1915 sp r ||||1| spa d | ||
| 100 | 1 |
_aOtero, Julian María. _987894 |
|
| 245 | 1 | 0 |
_aItinerario sentimental de la ciudad de Segovia o sea un paseo por sus calles en una noche de luna... / _cJulian María Otero ; [ilustraciones Manuel Martí Alonso]. |
| 260 |
_aSegovia : _bAntonio San Martín, _c1915. |
||
| 300 |
_a70 p. : _bil. ; _c15 cm. |
||
| 651 | 4 |
_aSegovia- _xDescripción. _99372 |
|
| 700 | 1 |
_aMartí Alonso, Manuel. _9160906 |
|
| 852 |
_aES-MaACL _jT-1459-F-8 |
||
| 999 |
_c116586 _d116586 |
||